| 000 | 00554cam a22001814a 4500 | ||
|---|---|---|---|
| 005 | 20250605164357.0 | ||
| 008 | 250528s ||||||||||||||||||||||||d | ||
| 035 | _a24372 | ||
| 040 |
_aGR-AtMCL _bgre _dGR-AtMCL _eAACR2 |
||
| 245 | 1 | _aAramco World | |
| 260 |
_bAramco Americas, _c2020 |
||
| 300 | _a40 | ||
| 520 | _aGahwa Renaissance, Sepak Takraw Takes Flight, The Middle East on a Plate, The Arabian Journal of Geraldine Rendel, Eternal Bodyguard. | ||
| 700 | 1 |
_aAlshammari Mohammad S. _99455 |
|
| 942 | _cCR | ||
| 999 |
_c9260 _d9260 |
||